Nghiên cứu thành phần hoá học của vỏ cây Bằng lăng nuớc (Lagerstroemia Speciosa (L.) Pers.) thuộc chi Tử Vi (Lagerstroemia) : Luận văn thạc sĩ hóa học chuyên ngành Hoá hữu cơ

Đề tài " Nghiên cứu thành phần hoá học của vỏ cây Bằng lăng nước thuộc chi Tử vi " nhằm góp phần tìm hiểu thêm về thành phần hoá học và hoạt tính của cây Bằng lăng nước.

Salvato in:
Dettagli Bibliografici
Autore principale: Nguyễn, Duy Tuấn
Natura: Libro
Lingua:Undetermined
Pubblicazione: Cần Thơ Trường Đại học Cần Thơ 2012
Soggetti:
Tags: Aggiungi Tag
Nessun Tag, puoi essere il primo ad aggiungerne! !
Thư viện lưu trữ: Trung tâm Học liệu Trường Đại học Cần Thơ
LEADER 01184nam a2200217Ia 4500
001 CTU_177898
008 210402s9999 xx 000 0 und d
082 |a 547.3 
082 |b T502 
088 |a 60440114 
100 |a Nguyễn, Duy Tuấn 
245 0 |a Nghiên cứu thành phần hoá học của vỏ cây Bằng lăng nuớc (Lagerstroemia Speciosa (L.) Pers.) thuộc chi Tử Vi (Lagerstroemia) : 
245 0 |b Luận văn thạc sĩ hóa học chuyên ngành Hoá hữu cơ 
245 0 |c Nguyễn Duy Tuấn ; Trương Chí Thành, Tôn Nữ Liên Hương (Hướng dẫn khoa học) 
260 |a Cần Thơ 
260 |b Trường Đại học Cần Thơ 
260 |c 2012 
520 |a Đề tài " Nghiên cứu thành phần hoá học của vỏ cây Bằng lăng nước thuộc chi Tử vi " nhằm góp phần tìm hiểu thêm về thành phần hoá học và hoạt tính của cây Bằng lăng nước. 
650 |a Hóa học hữu cơ,Chemistry, organic 
904 |i Lập,Hải 
980 |a Trung tâm Học liệu Trường Đại học Cần Thơ